| 000 | 01054nam a2200277 i 4500 | ||
|---|---|---|---|
| 003 | EG-ScBUE | ||
| 005 | 20230524111020.0 | ||
| 008 | 200219s2012 enka f b 001 0 eng d | ||
| 020 | _a9780415495073 | ||
| 040 |
_aEG-ScBUE _beng _erda _cEG-ScBUE _dEG-ScBUE |
||
| 082 | 0 | 4 |
_a604.2 _222 _bCOM |
| 245 | 0 | 0 |
_aComputer aided design guide for architecture, engineering, and construction / _cGhassan Aouad [and three others] |
| 264 | 1 |
_aLondon ; _aNew York : _bSpon Press, _c2012. |
|
| 300 |
_avi, 130 pages : _billustrations ; _c26 cm |
||
| 336 |
_2rdacontent _atext _btxt |
||
| 337 |
_2rdamedia _aunmediated _bn |
||
| 338 |
_2rdacarrier _avolume _bnc |
||
| 504 | _aIncludes bibliographical references and index. | ||
| 650 | 7 |
_aComputer-aided design. _2BUEsh |
|
| 650 | 7 |
_aArchitecture _xComputer-aided design. _2BUEsh |
|
| 655 | _vReading book | ||
| 700 | 1 |
_aAouad, Ghassan, _eauthor. |
|
| 906 |
_a7 _bcbc _corignew _d1 _eecip _f20 _gy-gencatlg |
||
| 942 |
_2ddc _cBB |
||
| 999 |
_c30446 _d30417 |
||